Normal view
MARC view
Entry Personal Name
001 - CONTROL NUMBER
- control field: 249858
003 - CONTROL NUMBER IDENTIFIER
- control field: MY-SjTCS
005 - DATE AND TIME OF LATEST TRANSACTION
- control field: 20200306164325.0
008 - FIXED-LENGTH DATA ELEMENTS
- fixed length control field: 200306|| aca||aabn | a|a d
040 ## - CATALOGING SOURCE
- Original cataloging agency: MY-SjTCS
- Transcribing agency: MY-SjTCS
100 ## - HEADING--PERSONAL NAME
- Personal name: Brunet, Patrick J.
670 ## - SOURCE DATA FOUND
- Source citation: Work cat.: (MY-SjTCS)49082: Brunet, Patrick J., Les enjeux éthiques d'Internet en Afrique de l'Ouest, 2002.